Innovaciones de la administración (Registro nro. 3784)
[ vista simple ]
| 000 -CABECERA | |
|---|---|
| Longitud fija campo de control | 01008nam a22002657a 4500 |
| 003 - IDENTIFICADOR DELl NÚMERO DE CONTROL | |
| Identificador del número de control | OSt |
| 005 - FECHA Y HORA DE LA ÚLTIMA TRANSACCIÓN | |
| Fecha y hora de la última transacción | 20150810180015.0 |
| 008 - CÓDIGOS DE INFORMACIÓN DE LONGITUD FIJA | |
| Códigos de información de longitud fija | 131105b xxu||||| |||| 00| 0 eng d |
| 020 ## - NÚMERO INTERNACIONAL NORMALIZADO PARA LIBROS | |
| Número Internacional Normalizado para Libros (ISBN) | 978-607-15-0289-6 |
| 040 ## - FUENTE DE LA CATALOGACIÓN | |
| Centro catalogador de origen | BMC |
| Centro transcriptor | BMC |
| 082 ## - NÚMERO DE LA CLASIFICACIÓN DECIMAL DEWEY | |
| Númeroo de clasificación | 658.04 |
| 082 ## - NÚMERO DE LA CLASIFICACIÓN DECIMAL DEWEY | |
| Númeroo de clasificación | 658.4013 |
| 100 10 - PUNTO DE ACCESO PRINCIPAL-NOMBRE DE PERSONA | |
| 9 (RLIN) | 8388 |
| Nombre de persona | Chiavenato, Idalberto |
| 245 10 - MENCIÓN DE TÍTULO | |
| Título | Innovaciones de la administración |
| Resto del título | : tendencias y estrategias, los nuevos paradigmas |
| Mención de responsabilidad, etc. | Idalberto Chiavenato ; revisión técnica, Carlos Ruíz Díaz, Amalia Clara Torres Márquez, Mª. del Rosario Trejo García |
| 250 ## - MENCIÓN DE EDICIÓN | |
| Mención de edición | 5ª ed |
| 260 ## - PUBLICACIÓN, DISTRIBUCIÓN, ETC. (PIE DE IMPRENTA) | |
| Lugar de publicación, distribución, etc. | México, D.F. [etc.] |
| Nombre del editor, distribuidor, etc. | McGraw-Hill |
| Fecha de publicación, distribución, etc. | 2010 |
| 300 ## - DESCRIPCIÓN FÍSICA | |
| Extensión | XV, 396 p. |
| Otras características físicas | il. |
| Dimensiones | 23 cm |
| 595 ## - NOTA DE EDICIÓN E HISTORIA BIBLIOGRÁFICA | |
| Nota de edición e historia bibliográfica | Traducción de: Os novos paradigmas. Como as madancas estao mexendo com as empresas, 5th ed. |
| 650 24 - PUNTO DE ACCESO ADICIONAL DE MATERIA - TÉRMINO DE MATERIA | |
| 9 (RLIN) | 6254 |
| Término de materia o nombre geográfico como elemento inicial | Calidad total |
| 650 24 - PUNTO DE ACCESO ADICIONAL DE MATERIA - TÉRMINO DE MATERIA | |
| 9 (RLIN) | 3341 |
| Término de materia o nombre geográfico como elemento inicial | Gestión de empresas |
| 700 1# - PUNTO DE ACCESO ADICIONAL - NOMBRE DE PERSONA | |
| 9 (RLIN) | 8701 |
| Nombre de persona | Ruiz Díaz, Carlos |
| 700 1# - PUNTO DE ACCESO ADICIONAL - NOMBRE DE PERSONA | |
| 9 (RLIN) | 8702 |
| Nombre de persona | Trejo García, María del Rosario |
| 700 1# - PUNTO DE ACCESO ADICIONAL - NOMBRE DE PERSONA | |
| 9 (RLIN) | 8703 |
| Nombre de persona | Torres Márquez, Amalia Clara |
| 942 ## - ENTRADA DE ELEMENTOS AGREGADOS (KOHA) | |
| Fuente de clasificaión o esquema | Dewey Decimal Classification |
| Koha [por defecto] tipo de item | 1- Monografias |
| Suprimido | Perdido | Fuente de clasificación o esquema | Estropeado | Restricciones de uso | No para préstamo | Código de colección | Localización permanente | Localización actual | Localización en estanter&íacute;as | Fecha adquisición | Fuente de adquisición | Número de inventario | Préstamos totales | Signatura completa | Código de barras | Fecha última consulta | Fecha último préstamo | Coste, precio reemplazado | Fecha del precio de reemplazo | Tipo de item de Koha | Renovaciones totales |
|---|---|---|---|---|---|---|---|---|---|---|---|---|---|---|---|---|---|---|---|---|---|
| NULL | NULL | Dewey Decimal Classification | NULL | Prestable | NULL | NULL | Biblioteca Miguel de Cervantes - UNICAES | Biblioteca Miguel de Cervantes - UNICAES | Sala Principal | 14/09/2011 | Donación - Facultad de Ciencias Empresariales | 006364 | 1 | 658.04 CHI inn | 1006364 | 02/03/2017 | 02/03/2017 | 27.00 | 06/11/2013 | 1- Monografias | |
| NULL | NULL | Dewey Decimal Classification | NULL | Prestable | NULL | NULL | Biblioteca Miguel de Cervantes - UNICAES | Biblioteca Miguel de Cervantes - UNICAES | Sala Principal | 14/09/2011 | Donación - Facultad de Ciencias Empresariales | 006365 | 2 | 658.04 CHI inn | 1006365 | 05/03/2026 | 05/03/2026 | 27.00 | 06/11/2013 | 1- Monografias | 1 |
| NULL | NULL | Dewey Decimal Classification | NULL | Prestable | NULL | NULL | Biblioteca Miguel de Cervantes - UNICAES | Biblioteca Miguel de Cervantes - UNICAES | Sala Principal | 14/09/2011 | Donación - Facultad de Ciencias Empresariales | 006366 | 5 | 658.04 CHI inn | 1006366 | 03/12/2021 | 05/11/2021 | 27.00 | 06/11/2013 | 1- Monografias | 2 |